Assassinats Célèbres - Statistiques

Statistiques générales
  • Ce quiz a été pris 227 fois
  • Le résultat moyen est 9 sur 12
Statistiques - réponses
Par images Réponse % Correct
John F. Kennedy
98%
Bobby Kennedy
95%
Abraham Lincoln
94%
Martin Luther King
93%
Jules César
88%
Ghandi
82%
Raspoutine
79%
François-Ferdinand
71%
Malcolm X
64%
Jean Jaurès
47%
Leon Trotsky
39%
Alexandre Ier de Yougoslavie
4%
Aucun quiz correspondant
Distribution des résultats
% des personnes avec chaque résultat
Percentile par nombre de réponses
Votre historique - résultats
Vous n’avez pas pris ce quiz